[Event "Open MT for 1800 - 2200"]
[Site "SchemingMind.com"]
[Date "2007.04.23"]
[Round "-"]
[White "remman"]
[Black "Pedro666"]
[Result "1-0"]
[WhiteCountry "FIN"]
[BlackCountry "POL"]
[WhiteElo "2292"]
[WhiteRD "110"]
[BlackElo "2143"]
[BlackRD "102"]
[GameID "102170"]

1. d4 Nf6 2. c4 g6 3. Nc3 Bg7 4. e4 d6 5. Nf3 O-O 6. Be2 e5 7. O-O Nbd7 8. Be3 Ng4 9. Bg5 f6 10. Bd2 c6
11. d5 f5 12. Ng5 Ndf6 13. b4 h6 14. Ne6 Bxe6 15. dxe6 h5 16. exf5 gxf5 17. b5 Qe7 18. bxc6 bxc6 19. h3 Nh6 20. Qa4 Rfc8
21. Rab1 Rc7 22. Qa5 Ne8 23. Bxh5 Rac8 24. Bxh6 Bxh6 25. Bf7+ Kh8 26. f4 Bxf4 27. Rxf4 exf4 28. Qxf5 Qh4 29. Rf1 Nf6 30. c5 d5
31. Rxf4 Qe1+ 32. Kh2 Qxc3 33. Rh4+ Kg7 34. Qf4 Rh8 35. Qg5+ Kf8 36. Rxh8+ Ke7 37. Re8#
1-0

[Event "Open MT for 1800 - 2200"]
[Site "SchemingMind.com"]
[Date "2007.04.23"]
[Round "-"]
[White "Pedro666"]
[Black "remman"]
[Result "1/2-1/2"]
[WhiteCountry "POL"]
[BlackCountry "FIN"]
[WhiteElo "2069"]
[WhiteRD "88"]
[BlackElo "2303"]
[BlackRD "105"]
[GameID "102171"]

1. d4 Nf6 2. Nf3 e6 3. Bf4 b6 4. e3 Bb7 5. Bd3 Be7 6. h3 c5 7. O-O O-O 8. Nbd2 d6 9. c3 Nbd7 10. Qe2 cxd4
11. exd4 Re8 12. Rad1 Bf8 13. Rfe1 Qc7 14. Ne4 Nxe4 15. Bxe4 Bxe4 16. Qxe4 Nf6 17. Qd3 a6 18. Re2 b5 19. Rc2 Nd5 20. Bd2 Rec8
21. Ng5 Nf6 22. Ne4 Nxe4 23. Qxe4 d5 24. Qd3 Rab8 25. Rdc1 Bd6 26. b3 Qb7 27. c4 dxc4 28. bxc4 bxc4 29. Rxc4 Rxc4 30. Qxc4 Qb5
31. Qxb5 axb5 32. Rc6 Be7 33. Kf1 h6 34. Ra6 Rd8 35. Be3 b4 36. Ra4 f5 37. f4 Kf7 38. Ke2 Rd7=
1/2-1/2

[Event "Open MT for 1800 - 2200"]
[Site "SchemingMind.com"]
[Date "2007.05.07"]
[Round "-"]
[White "riverriver"]
[Black "Pedro666"]
[Result "1-0"]
[WhiteCountry "USA"]
[BlackCountry "POL"]
[WhiteElo "1990"]
[WhiteRD "66"]
[BlackElo "2005"]
[BlackRD "76"]
[GameID "104109"]

1. d4 Nf6 2. c4 g6 3. Nc3 Bg7 4. e4 d6 5. Nf3 O-O 6. Be2 e5 7. Be3 c6 8. dxe5 dxe5 9. Qxd8 Rxd8 10. O-O Ng4
11. Rfd1 Re8 12. Bd2 f5 13. h3 Nf6 14. exf5 gxf5 15. Bg5 Na6 16. Rd6 Nd7 17. Rad1 e4 18. Nh4 Ne5 19. Bh5 Nf7 20. Bxf7+ Kxf7
21. g3 Nc5 22. R1d2 Nd3 23. Nd1 Be5 24. Rh6 Kg7 25. Ne3 Rf8 26. Rh5 f4 27. Bh6+ Kf7 28. Bxf4 Bxf4 29. gxf4 Nxf4 30. Rxh7+ Kg8
31. Re7 Nxh3+ 32. Kf1 Ng5 33. Ke1 Rf4 34. Rd8+ Rf8 35. Rxf8+ Kxf8 36. Ng6+ Kg8 37. Rc7 Nf3+ 38. Kd1 Be6 39. Rxb7 Rd8+ 40. Kc1 Rd2
41. Re7 Bd7 42. Ne5 Rxf2 43. Nxd7 Ne1 44. Ng4 Nd3+ 45. Kb1
1-0

[Event "Open MT for 1800 - 2200"]
[Site "SchemingMind.com"]
[Date "2007.05.07"]
[Round "-"]
[White "riverriver"]
[Black "remman"]
[Result "0-1"]
[WhiteCountry "USA"]
[BlackCountry "FIN"]
[WhiteElo "2007"]
[WhiteRD "72"]
[BlackElo "2303"]
[BlackRD "105"]
[GameID "104110"]

1. d4 Nf6 2. c4 e6 3. Nc3 Bb4 4. Nf3 c5 5. g3 cxd4 6. Nxd4 O-O 7. Bg2 d5 8. Qd3 Bxc3+ 9. bxc3 e5 10. Nb5 a6
11. Na3 e4 12. Qc2 Nc6 13. O-O Qa5 14. cxd5 Qxd5 15. Rd1 Qc5 16. Bxe4 Nxe4 17. Qxe4 Qxc3 18. Rb1 Be6 19. Rxb7 Rad8 20. Rf1 Bh3
21. Bb2 Qd2 22. Nc4 Qd1 23. Qg2 Qxf1+ 24. Qxf1 Bxf1 25. Kxf1 Rb8 26. Rc7 Rfc8 27. Rxc8+ Rxc8 28. a4 Rb8 29. Ba3 Rb1+ 30. Kg2 Ra1
31. e3 Na5 32. Bb2 Rxa4 33. Nb6 Rb4 34. Bc3 Rxb6 35. Bxa5 Rb5 36. Bc3 a5 37. h4 a4 38. f4 a3 39. Kf2 a2 40. Bd4 Rb1
41. Kf3 a1=Q 42. Bxa1 Rxa1 43. e4 Kf8 44. Kg4 Ke7 45. Kg5 Ke6 46. Kg4 Ra4 47. e5 Ra3 48. h5 h6 49. Kh3 Kf5 50. Kh4 Ra1
51. Kh3 Ra2 52. e6 fxe6 53. g4+ Kxf4 54. g5 e5 55. gxh6 gxh6 56. Kh4 Rh2#
0-1

[Event "Open MT for 1800 - 2200"]
[Site "SchemingMind.com"]
[Date "2007.05.07"]
[Round "-"]
[White "Pedro666"]
[Black "riverriver"]
[Result "1/2-1/2"]
[WhiteCountry "POL"]
[BlackCountry "USA"]
[WhiteElo "2005"]
[WhiteRD "76"]
[BlackElo "1990"]
[BlackRD "66"]
[GameID "104111"]

1. d4 Nf6 2. Nf3 g6 3. g3 Bg7 4. Bg2 O-O 5. O-O d6 6. c4 Nc6 7. d5 Na5 8. Nfd2 Bd7 9. a3 Ng4 10. Ra2 Ne5
11. b3 c6 12. h3 Bf5 13. e4 Bc8 14. f4 Qb6+ 15. Kh2 Naxc4 16. bxc4 Nxc4 17. Nxc4 Qxb1 18. Qe2 cxd5 19. exd5 Qb3 20. Na5 Qb6
21. Bd2 Bf6 22. Rc1 Bf5 23. Bb4 Rac8 24. Nc4 Qa6 25. g4 Bd7 26. g5 Bg7 27. Rac2 Ba4 28. Qxe7 b5 29. Ne3 Bxc2 30. Rxc2 Rce8
31. Qd7 Rxe3 32. Bxd6 Qa4 33. Rc8 Qd4 34. Rxf8+ Bxf8 35. Qd8 Qg7 36. Kg1 h6 37. Kf2 Rb3 38. Be5 Qh7 39. Bd6 Qg7 40. Be5 Qh7
41. Bd6 Qg7 42. Be5 Qh7
1/2-1/2

[Event "Open MT for 1800 - 2200"]
[Site "SchemingMind.com"]
[Date "2007.05.07"]
[Round "-"]
[White "remman"]
[Black "riverriver"]
[Result "1-0"]
[WhiteCountry "FIN"]
[BlackCountry "USA"]
[WhiteElo "2303"]
[WhiteRD "105"]
[BlackElo "2007"]
[BlackRD "72"]
[GameID "104112"]

1. Nf3 c5 2. c4 Nf6 3. Nc3 e6 4. g3 b6 5. Bg2 Bb7 6. O-O Be7 7. Re1 Nc6 8. e4 O-O 9. d4 cxd4 10. Nxd4 Nxd4
11. Qxd4 Bc5 12. Qd1 Bc6 13. Bg5 Qc7 14. Bf4 d6 15. Nb5 Bxb5 16. cxb5 Rac8 17. a3 e5 18. Bg5 Qe7 19. Bh3 Rc7 20. Rc1 h6
21. Bxf6 Qxf6 22. Re2 Re7 23. Qd5 Rfe8 24. Kg2 Rf8 25. b4 Bd4 26. Rc6 Rd8 27. Rec2 g6 28. a4 Kg7 29. Bc8 h5 30. h4 Kh7
31. f3 Kg7 32. R2c4 Kh7 33. Bh3 Be3 34. Rc8 Ree8 35. R4c7 Re7 36. Rxe7 Qxe7 37. Rxd8 Qxd8 38. Qxf7+ Kh8 39. Qxg6 Qg8 40. Qxh5+ Qh7
41. Qxh7+ Kxh7 42. Bf5+ Kg7 43. Kh3 Bd2 44. g4 Bxb4 45. g5 Kf7 46. Kg4 Bd2 47. h5 Be3 48. h6 Kg8 49. Kh5 Bxg5 50. Kxg5 Kf7
51. Be6+ Kxe6 52. h7
1-0

[Event "Open MT for 1800 - 2200"]
[Site "SchemingMind.com"]
[Date "2007.05.08"]
[Round "-"]
[White "Cruyce"]
[Black "riverriver"]
[Result "1-0"]
[WhiteCountry "BEL"]
[BlackCountry "USA"]
[WhiteElo "2223"]
[WhiteRD "73"]
[BlackElo "2036"]
[BlackRD "82"]
[GameID "104275"]

1. d4 Nf6 2. Nf3 g6 3. g3 Bg7 4. Bg2 d5 5. O-O O-O 6. c4 dxc4 7. Na3 Nc6 8. Nxc4 Be6 9. b3 Bd5 10. Bb2 b5
11. Ne3 Be4 12. Rc1 Rb8 13. Ne5 Nxe5 14. dxe5 Bxg2 15. Kxg2 Nd7 16. Qd2 Nxe5 17. Rfd1 f6 18. Qb4 c5 19. Qxc5 Qb6 20. Qxe7 Rbe8
21. Qc7 Qxc7 22. Rxc7 Rf7 23. Bxe5 Rxe5 24. Rdd7 Rxd7 25. Rxd7 a6 26. Rd6 a5 27. Ra6 b4 28. Kf3 g5 29. g4 Rc5 30. Nc4 Kf7
31. Rxa5 Rxa5 32. Nxa5 Bf8 33. Ke4 Bd6 34. h3 Ke6 35. Nc6 Bc5 36. Nd4+ Kd6 37. e3 Bb6 38. Kf5 Bxd4 39. exd4 Ke7 40. f4 gxf4
41. Kxf4 Kd6 42. Ke4 Kc6 43. h4 Kd6 44. Kf5 Ke7 45. d5 Kd6 46. Kxf6 Kxd5 47. g5 Kd4 48. h5 Kd3 49. g6
1-0

[Event "Open MT for 1800 - 2200"]
[Site "SchemingMind.com"]
[Date "2007.05.08"]
[Round "-"]
[White "Cruyce"]
[Black "Pedro666"]
[Result "1-0"]
[WhiteCountry "BEL"]
[BlackCountry "POL"]
[WhiteElo "2223"]
[WhiteRD "73"]
[BlackElo "2143"]
[BlackRD "102"]
[GameID "104276"]

1. d4 Nf6 2. Nf3 g6 3. g3 Bg7 4. Bg2 O-O 5. O-O d6 6. c4 Nc6 7. Nc3 a6 8. d5 Na5 9. Nd2 c5 10. Qc2 Rb8
11. b3 b5 12. Bb2 bxc4 13. bxc4 Bh6 14. f4 e5 15. dxe6 Bxe6 16. Nd5 Bxd5 17. cxd5 Ng4 18. Bc3 Ne3 19. Qa4 Rb5 20. Rfb1 Qe8
21. Qe4 Bg7 22. Bxg7 Kxg7 23. Qd3 Nxg2 24. Kxg2 f5 25. a4 Rb4 26. Rxb4 cxb4 27. e4 fxe4 28. Nxe4 b3 29. Ng5 Kg8 30. Ne6 Rf7
31. Qxa6 Nb7 32. Rb1 Nc5 33. Qxd6 Nxe6 34. dxe6 Rb7 35. Qd5 Re7 36. Rxb3 Qxa4 37. Rb8+ Re8 38. Rd8 h5 39. Kh3 Kf8 40. Qb7
1-0

[Event "Open MT for 1800 - 2200"]
[Site "SchemingMind.com"]
[Date "2007.05.08"]
[Round "-"]
[White "Cruyce"]
[Black "remman"]
[Result "1/2-1/2"]
[WhiteCountry "BEL"]
[BlackCountry "FIN"]
[WhiteElo "2167"]
[WhiteRD "75"]
[BlackElo "2182"]
[BlackRD "124"]
[GameID "104277"]

1. d4 Nf6 2. Nf3 e6 3. g3 b5 4. Bg2 Bb7 5. Bg5 c5 6. O-O Be7 7. dxc5 Bxc5 8. Nc3 a6 9. e4 h6 10. Bxf6 gxf6
11. e5 f5 12. Ne2 Nc6 13. Nf4 h5 14. h4 Qc7 15. Qe2 O-O-O 16. b4 Nd4 17. Qd3 d6 18. bxc5 Nxf3+ 19. Bxf3 dxe5 20. Bxb7+ Qxb7
21. Qe3 exf4 22. Qxf4 Qe4 23. Qc1 f4 24. Qa3=
1/2-1/2

[Event "Open MT for 1800 - 2200"]
[Site "SchemingMind.com"]
[Date "2007.05.08"]
[Round "-"]
[White "riverriver"]
[Black "Cruyce"]
[Result "1-0"]
[WhiteCountry "USA"]
[BlackCountry "BEL"]
[WhiteElo "1989"]
[WhiteRD "87"]
[BlackElo "2166"]
[BlackRD "74"]
[GameID "104278"]

1. d4 d5 2. c4 e6 3. Nf3 c6 4. Qc2 Bd6 5. Bg5 Ne7 6. Nbd2 f6 7. Bh4 O-O 8. Bg3 Na6 9. e4 dxe4 10. Qxe4 f5
11. Qe2 f4 12. Bh4 h6 13. Bxe7 Qxe7 14. Qe4 c5 15. Bd3 Rf5 16. O-O-O Nb4 17. Bb1 Na6 18. g4 fxg3 19. fxg3 g5= 20. h4 gxh4
21. Qg4+ Qg7 22. Bxf5 exf5 23. Qxh4 Nb4 24. Qxh6
1-0

[Event "Open MT for 1800 - 2200"]
[Site "SchemingMind.com"]
[Date "2007.05.08"]
[Round "-"]
[White "Pedro666"]
[Black "Cruyce"]
[Result "0-1"]
[WhiteCountry "POL"]
[BlackCountry "BEL"]
[WhiteElo "2143"]
[WhiteRD "102"]
[BlackElo "2223"]
[BlackRD "73"]
[GameID "104279"]

1. Nf3 d5 2. d4 c6 3. c4 e6 4. g3 f5 5. Bg2 Nf6 6. O-O Bd6 7. b3 Qe7 8. Qc2 O-O 9. a4 a5 10. Ba3 Bxa3
11. Nxa3 Ne4 12. Ne5 Nd7 13. Nd3 Qf6 14. e3 Qe7 15. c5 e5 16. Qb2 exd4 17. exd4 b6 18. cxb6 Ba6 19. Rfd1 Bxd3 20. b7 Ra7
21. Rxd3 Rxb7 22. Rc1 Qd6 23. f3 Ng5 24. Rdc3 Rb6 25. Rc5 f4 26. g4 Ne6 27. Rxa5 Rfb8 28. b4 Rxb4 29. Qf2 Nxd4 30. Nc2 Nb3
31. Nxb4 Nxc1 32. Nc2 Nd3 33. Qe2 N7e5 34. h4 Qc7 35. Qd2 Rb1+ 36. Kh2 Nxg4+ 37. fxg4 f3+ 38. Kh3 Nf4+ 39. Kg3 fxg2
0-1

[Event "Open MT for 1800 - 2200"]
[Site "SchemingMind.com"]
[Date "2007.05.08"]
[Round "-"]
[White "remman"]
[Black "Cruyce"]
[Result "1-0"]
[WhiteCountry "FIN"]
[BlackCountry "BEL"]
[WhiteElo "2182"]
[WhiteRD "124"]
[BlackElo "2167"]
[BlackRD "75"]
[GameID "104280"]

1. Nf3 d5 2. d4 c6 3. c4 e6 4. Qc2 Bd6 5. Bg5 Ne7 6. e3 f6 7. Bh4 g5 8. Bg3 g4 9. Nfd2 e5 10. Nc3 Na6
11. c5 Bc7 12. O-O-O O-O 13. f3 gxf3 14. gxf3 Nf5 15. Bf2 Kh8 16. a3 exd4 17. exd4 b5 18. Bd3 Qd7 19. Rde1 Rg8 20. Ne2 Rg5
21. Ng3 Nh4 22. Rhg1 Bb7 23. Be3 Rgg8= 24. Bh6 Qh3 25. Bxh7 Qxh2 26. Bxg8 Rxg8 27. Rh1
1-0

[Event "Open MT for 1800 - 2200"]
[Site "SchemingMind.com"]
[Date "2007.05.15"]
[Round "-"]
[White "JLD"]
[Black "riverriver"]
[Result "1-0"]
[WhiteCountry "USA"]
[BlackCountry "USA"]
[WhiteElo "2044"]
[WhiteRD "107"]
[BlackElo "2025"]
[BlackRD "82"]
[GameID "104929"]

1. e4 c5 2. Nc3 Nc6 3. g3 g6 4. Bg2 d6 5. d3 Bg7 6. f4 b6 7. Nf3 Bb7 8. Be3 Bxc3+ 9. bxc3 Nf6 10. O-O Ng4
11. Bd2 O-O 12. h3 Nf6 13. g4 e6 14. Qe1 d5 15. f5 exf5 16. Bg5 dxe4 17. dxe4 Ba6 18. e5 Bxf1 19. Bxf6 Bxg2 20. Qe3 f4
21. Qxf4 Nxe5 22. Bxd8 Nxf3+ 23. Kxg2 Raxd8 24. Kxf3 f5 25. Qc7 fxg4+ 26. Kxg4 Rd2 27. Kg3 Rxc2 28. Qe5 Rf5 29. Qe3 Kg7 30. Rd1 Rf7
31. h4 Rxa2 32. h5 Raf2 33. h6+ Kg8 34. Qxf2 Rxf2 35. Kxf2 g5 36. Rd7 a5 37. Kf3 c4 38. Ke4 g4 39. Ke5 Kf8 40. Ke6 Ke8
41. Rxh7 Kd8 42. Rd7+ Ke8 43. h7 g3 44. h8=R#
1-0

[Event "Open MT for 1800 - 2200"]
[Site "SchemingMind.com"]
[Date "2007.05.15"]
[Round "-"]
[White "JLD"]
[Black "Cruyce"]
[Result "0-1"]
[WhiteCountry "USA"]
[BlackCountry "BEL"]
[WhiteElo "2034"]
[WhiteRD "105"]
[BlackElo "2180"]
[BlackRD "72"]
[GameID "104930"]

1. e4 c5 2. Nc3 Nc6 3. g3 g6 4. Bg2 Bg7 5. d3 d6 6. f4 e6 7. Nf3 Nge7 8. O-O O-O 9. Be3 b6 10. d4 Ba6
11. Re1 Qc7 12. Qd2 Na5 13. Rad1 Nc4 14. Qc1 Rac8 15. dxc5 bxc5 16. Bf1 Qc6 17. Bxc4 Bxc4 18. Qd2 Rfd8 19. b3 Ba6 20. Bf2 Qb7
21. Na4 Bb5 22. Re3 d5 23. Ree1 d4 24. Nb2 Nf5 25. Nc4 Bxc4 26. bxc4 Nd6 27. Qd3 Qb4 28. Nd2 e5 29. Rb1 Qa4 30. Kg2 Bh6
31. Kf3 f5 32. exf5 Qc6+ 33. Kg4 e4 34. Qb3 Qd7
0-1

[Event "Open MT for 1800 - 2200"]
[Site "SchemingMind.com"]
[Date "2007.05.15"]
[Round "-"]
[White "JLD"]
[Black "Pedro666"]
[Result "0-1"]
[WhiteCountry "USA"]
[BlackCountry "POL"]
[WhiteElo "1976"]
[WhiteRD "82"]
[BlackElo "2143"]
[BlackRD "102"]
[GameID "104931"]

1. e4 Nf6 2. e5 Nd5 3. d4 d6 4. c4 Nb6 5. f4 dxe5 6. fxe5 Nc6 7. Be3 Bf5 8. Nc3 e6 9. Nf3 Be7 10. Be2 O-O
11. O-O f6 12. exf6 Bxf6 13. Qd2 Qe7 14. Rad1 Rad8 15. Qc1 h6 16. h3 Kh8 17. Kh1 Bh7 18. Bg1 Rfe8 19. Rfe1 Qf7 20. Qf4 g5
21. Qg3 Qg7 22. c5 Nd5 23. Bb5 Nf4 24. Bxc6 bxc6 25. Ne5 Bxe5 26. Rxe5 Bf5 27. Qf3 Ng6 28. Ree1 g4 29. hxg4 Nh4 30. Qh3 Qxg4
31. Qxg4= Bxg4 32. Rd3 Rg8
0-1

[Event "Open MT for 1800 - 2200"]
[Site "SchemingMind.com"]
[Date "2007.05.15"]
[Round "-"]
[White "JLD"]
[Black "remman"]
[Result "0-1"]
[WhiteCountry "USA"]
[BlackCountry "FIN"]
[WhiteElo "1976"]
[WhiteRD "82"]
[BlackElo "2292"]
[BlackRD "110"]
[GameID "104932"]

1. e4 e5 2. Nf3 Nc6 3. Bb5 a6 4. Ba4 Nf6 5. O-O Be7 6. Re1 b5 7. Bb3 O-O 8. c3 d5 9. exd5 Nxd5 10. Nxe5 Nxe5
11. Rxe5 c6 12. d4 Bd6 13. Re1 Qh4 14. g3 Qh3 15. Be3 Bg4 16. Qd3 Rae8 17. Nd2 Re6 18. Qf1 Qh5 19. f3 Bf5 20. Ne4 Bxe4
21. fxe4 Rxe4 22. Bf2 Rfe8 23. Rxe4 Rxe4 24. Re1 Qg6 25. Rxe4 Qxe4 26. Qe1 Qxe1+ 27. Bxe1 Ne3 28. Bd2 Nc4 29. Bc1 f5 30. Bc2 g6
31. b3 Nb6 32. Kg2 c5 33. dxc5 Bxc5 34. Kf3 Kf7 35. Be3 Bxe3 36. Kxe3 Ke6 37. Kd4 Kd6 38. h4 Nd7 39. b4 Nf6 40. Bd1 Ne4
0-1

[Event "Open MT for 1800 - 2200"]
[Site "SchemingMind.com"]
[Date "2007.05.15"]
[Round "-"]
[White "riverriver"]
[Black "JLD"]
[Result "0-1"]
[WhiteCountry "USA"]
[BlackCountry "USA"]
[WhiteElo "2036"]
[WhiteRD "82"]
[BlackElo "1976"]
[BlackRD "82"]
[GameID "104933"]

1. d4 Nf6 2. c4 e6 3. Nc3 Bb4 4. Qc2 O-O 5. Bg5 h6 6. Bh4 c5 7. dxc5 Na6 8. a3 Bxc3+ 9. Qxc3 Nxc5 10. Bxf6 Qxf6
11. Qxf6 gxf6 12. b4 Na4 13. e3 b6 14. Rd1 Rd8 15. Rd4 Ba6 16. Nf3 Rac8 17. Rh4 d5 18. b5 Bb7 19. cxd5 Nc3 20. Nd2 Nxb5
21. Ne4 Bxd5 22. Nxf6+ Kg7 23. Nxd5 Rxd5 24. Rg4+ Kf8 25. Rc4 Rxc4 26. Bxc4 Rc5 27. Bb3 Rc1+ 28. Bd1 Nxa3 29. Kd2 Rb1 30. Kc3 b5
31. Kd4 b4 32. g3 b3 33. Bf3 Rxh1 34. Bxh1 b2 35. Be4 b1=Q 36. Bxb1 Nxb1 37. h4 Nd2 38. Kd3 Nf3 39. h5 Ke7 40. Ke4 a5
41. Kd3 Kd6 42. Kc4 Kc6 43. Kb3 Nd2+ 44. Ka4 Ne4 45. g4 Nxf2 46. g5 Ng4 47. gxh6 Nxh6 48. Kxa5 Kd5 49. Kb4 Ke4 50. Kc4 Kxe3
51. Kc5 f5 52. Kd6 f4 53. Ke5 f3
0-1

[Event "Open MT for 1800 - 2200"]
[Site "SchemingMind.com"]
[Date "2007.05.15"]
[Round "-"]
[White "Cruyce"]
[Black "JLD"]
[Result "1-0"]
[WhiteCountry "BEL"]
[BlackCountry "USA"]
[WhiteElo "2223"]
[WhiteRD "73"]
[BlackElo "1976"]
[BlackRD "82"]
[GameID "104934"]

1. d4 Nf6 2. Nf3 g6 3. g3 Bg7 4. Bg2 O-O 5. O-O d6 6. c4 Nbd7 7. Nc3 e5 8. e4 c6 9. Re1 Qb6 10. c5 dxc5
11. Na4 Qa6 12. Nxc5 Nxc5 13. dxc5 Bg4 14. Qc2 Bxf3 15. Bxf3 Qa5 16. Be3 Rfd8 17. Qb3 Rd7 18. Red1 Rad8 19. Kg2 Bf8 20. Qc4 Qb5
21. Qxb5 cxb5 22. Rxd7 Rxd7 23. Rc1 Rc7 24. b4 Nd7 25. Be2 a6 26. Rd1 Nb8 27. Rd5 Nc6 28. Bd2 f6 29. Bc3 Bh6 30. Rd1 Kf7
31. Bg4 Ke7 32. h4 Nd8 33. f4 exf4 34. Rd6 f3+ 35. Kxf3 Bg7 36. Kf2 Nc6 37. Be6 Nd8 38. Bd5 Rd7 39. Rb6 h5 40. a3 Bh8
41. Ke2 Bg7 42. e5 fxe5 43. Be4 Bh6 44. Rxg6
1-0

[Event "Open MT for 1800 - 2200"]
[Site "SchemingMind.com"]
[Date "2007.05.15"]
[Round "-"]
[White "Pedro666"]
[Black "JLD"]
[Result "1-0"]
[WhiteCountry "POL"]
[BlackCountry "USA"]
[WhiteElo "2143"]
[WhiteRD "102"]
[BlackElo "1976"]
[BlackRD "82"]
[GameID "104935"]

1. d4 Nf6 2. Nf3 g6 3. g3 Bg7 4. Bg2 O-O 5. O-O d6 6. c4 Nbd7 7. Nc3 e5 8. e4 c6 9. h3 Qb6 10. Re1 exd4
11. Nxd4 Re8 12. Re2 Ng4 13. Nc2 Nge5 14. Ne3 Qa6 15. Rc2 Nb6 16. Bf1 Be6 17. c5 Nbc4 18. b3 Nxe3 19. Bxe3 Qa5 20. cxd6 f5
21. f4 Nf3+ 22. Qxf3 Bxc3 23. Rac1 fxe4 24. Qf2 Bb4 25. Bc5 Rad8 26. Rd1 Bxc5 27. Rxc5 Qb6 28. Qd4 Bd5 29. Rxd5 cxd5 30. Qxb6 axb6
31. Rxd5 e3 32. Re5
1-0

[Event "Open MT for 1800 - 2200"]
[Site "SchemingMind.com"]
[Date "2007.05.15"]
[Round "-"]
[White "remman"]
[Black "JLD"]
[Result "1-0"]
[WhiteCountry "FIN"]
[BlackCountry "USA"]
[WhiteElo "2292"]
[WhiteRD "110"]
[BlackElo "1976"]
[BlackRD "82"]
[GameID "104936"]

1. e4 Nf6 2. e5 Nd5 3. d4 d6 4. Nf3 Bg4 5. Be2 c6 6. O-O Bxf3 7. Bxf3 dxe5 8. dxe5 e6 9. Nd2 Nd7 10. Re1 Qc7
11. Nc4 N7b6 12. Qe2 Nxc4 13. Qxc4 O-O-O 14. a3 Be7 15. b4 Rd7 16. Qb3 Rhd8 17. c4 Nb6 18. Be3 c5 19. Rac1 Kb8 20. a4 Rd3
21. Qc2 Ra3 22. a5 Nd7 23. bxc5 Ka8 24. Rb1 Rb8 25. Rxb7 Rxb7 26. c6 Nxe5 27. cxb7+ Kb8 28. Qxh7 Nxf3+ 29. gxf3 Kxb7 30. Rb1+ Ka6
31. Qc2 Bc5 32. Bxc5 Qxc5 33. Qb2 Kxa5 34. Qd2+ Ka6 35. Qd7
1-0

[Event "Open MT for 1800 - 2200"]
[Site "SchemingMind.com"]
[Date "2007.05.15"]
[Round "-"]
[White "maaac"]
[Black "riverriver"]
[Result "0-1"]
[WhiteCountry "AUS"]
[BlackCountry "USA"]
[WhiteElo "1776"]
[WhiteRD "81"]
[BlackElo "1989"]
[BlackRD "87"]
[GameID "105149"]

1. d4 Nf6 2. c4 e6 3. g3 c5 4. Nf3 cxd4 5. Nxd4 d5 6. Bg2 e5 7. Nf3 e4 8. Nd4 dxc4 9. O-O Na6 10. Qa4+ Bd7
11. Qxc4 Rc8 12. Qb3 Nc5 13. Qd1 Qe7 14. Nc3 Qe5 15. Bf4 Qh5 16. b4 Nd3 17. Nxe4 Nxf4 18. Nxf6+ gxf6 19. gxf4 Rg8 20. e3 Qxd1
21. Rfxd1 Bh3
0-1

[Event "Open MT for 1800 - 2200"]
[Site "SchemingMind.com"]
[Date "2007.05.14"]
[Round "-"]
[White "maaac"]
[Black "Cruyce"]
[Result "0-1"]
[WhiteCountry "AUS"]
[BlackCountry "BEL"]
[WhiteElo "1811"]
[WhiteRD "80"]
[BlackElo "2163"]
[BlackRD "75"]
[GameID "105150"]

1. d4 d5 2. c4 e6 3. Nc3 c6 4. Nf3 dxc4 5. a4 Bb4 6. e4 b5 7. Be2 Nf6 8. e5 Nd5 9. Qc2 a6 10. O-O Bb7
11. Ne4 O-O 12. b3 c3 13. Nfg5 h6 14. Nh7 Re8 15. f4 Nd7 16. f5 exf5 17. Rxf5 Kxh7 18. Rxf7 Kg8 19. Bh5 Rf8 20. Ng5 hxg5
21. Rxg7+ Kxg7 22. Qg6+ Kh8 23. Bxg5 Rf6 24. exf6 Qg8 25. Qf5 Rf8 26. f7 Qg7 27. h4 Qxd4+
0-1

[Event "Open MT for 1800 - 2200"]
[Site "SchemingMind.com"]
[Date "2007.05.14"]
[Round "-"]
[White "maaac"]
[Black "Pedro666"]
[Result "0-1"]
[WhiteCountry "AUS"]
[BlackCountry "POL"]
[WhiteElo "1776"]
[WhiteRD "81"]
[BlackElo "2177"]
[BlackRD "107"]
[GameID "105151"]

1. d4 Nf6 2. c4 g6 3. Nc3 Bg7 4. e4 d6 5. f4 c5 6. d5 O-O 7. Nf3 b5 8. cxb5 Qa5 9. Bd2 Qb4 10. Qc2 c4
11. a3 Qc5 12. Na4 Qxb5 13. Bxc4 Qb7 14. O-O Bd7 15. Nc3 Rc8 16. Qd3 Ng4 17. g3 Qc7 18. Ba2 Qb6+ 19. Kg2 Qxb2 20. Rfc1 Bxc3
21. Rxc3 Qxa1 22. Rxc8+ Bxc8 23. Bc4 a5 24. h3 Nf6 25. e5 Ne8
0-1

[Event "Open MT for 1800 - 2200"]
[Site "SchemingMind.com"]
[Date "2007.05.15"]
[Round "-"]
[White "maaac"]
[Black "JLD"]
[Result "0-1"]
[WhiteCountry "AUS"]
[BlackCountry "USA"]
[WhiteElo "1754"]
[WhiteRD "83"]
[BlackElo "2044"]
[BlackRD "107"]
[GameID "105152"]

1. d4 Nf6 2. c4 e6 3. g3 d5 4. Bg2 dxc4 5. Nf3 a6 6. a4 Nc6 7. O-O Rb8 8. Nc3 Bb4 9. e4 O-O 10. e5 Nd5
11. Ne4 Bd7 12. Nfg5 h6 13. Nf3 b5 14. g4 Nce7 15. g5 Nf5 16. gxh6 gxh6 17. Kh1 Kh8 18. Rg1 Rg8 19. Bd2 Bxd2 20. Qxd2 Bc6
21. Rad1 Nde7 22. Nc5 Qd5 23. Nh4 Rxg2 24. Rxg2 Rg8 25. f3 Rxg2 26. Nxg2 Qxf3 27. Kg1 Qxg2+ 28. Qxg2 Bxg2 29. Kxg2 Ne3+
0-1

[Event "Open MT for 1800 - 2200"]
[Site "SchemingMind.com"]
[Date "2007.05.14"]
[Round "-"]
[White "maaac"]
[Black "remman"]
[Result "0-1"]
[WhiteCountry "AUS"]
[BlackCountry "FIN"]
[WhiteElo "1814"]
[WhiteRD "78"]
[BlackElo "2202"]
[BlackRD "126"]
[GameID "105153"]

1. d4 Nf6 2. c4 e6 3. g3 d5 4. Bg2 Bb4+ 5. Bd2 Be7 6. Nf3 O-O 7. O-O c6 8. b3 b6 9. Bc3 Bb7 10. Nbd2 Nbd7
11. Ne5 c5 12. cxd5 Nxd5 13. Bb2 cxd4 14. Bxd4 Nxe5 15. Bxe5 Rc8 16. Ne4 f6 17. Bb2 Rc7 18. e3 Qa8 19. a3 Nxe3 20. fxe3 Bxe4
21. Bxe4 Qxe4 22. Qd4 Qxd4 23. exd4 Rc2 24. Rab1 Rfc8 25. Rfc1 Rxc1+ 26. Rxc1 Rxc1+ 27. Bxc1 Kf7 28. Kf2 a6 29. Kf3 f5 30. h3 g5
31. g4 Kg6 32. a4 h5 33. Bd2 Bd6 34. Be3 fxg4+ 35. hxg4 h4 36. d5 exd5 37. Bxb6 Kf6 38. Bd4+ Be5 39. Bc5= d4
0-1

[Event "Open MT for 1800 - 2200"]
[Site "SchemingMind.com"]
[Date "2007.05.16"]
[Round "-"]
[White "riverriver"]
[Black "maaac"]
[Result "1-0"]
[WhiteCountry "USA"]
[BlackCountry "AUS"]
[WhiteElo "2025"]
[WhiteRD "82"]
[BlackElo "1754"]
[BlackRD "83"]
[GameID "105154"]

1. d4 Nf6 2. c4 e6 3. Nc3 Bb4 4. Nf3 b6 5. Bg5 h6 6. Bh4 Bb7 7. e3 O-O 8. Qc2 c5 9. a3 Bxc3+ 10. Qxc3 d6
11. dxc5 bxc5 12. Bxf6 Qxf6 13. Qxf6 gxf6 14. Rd1 Rd8 15. Bd3 Nc6 16. g4 Ne5 17. Nxe5 Bxh1 18. Ke2 dxe5 19. Rxh1 Rab8 20. Rb1 Rd6
21. b4 cxb4 22. c5 Rc6 23. axb4 Kf8 24. Be4 Ra6 25. Kf3 Ke7 26. h3 Kd7 27. c6+ Kc7 28. Rd1 Rd8 29. Rxd8 Kxd8 30. b5 Ra3
31. Ke2 Kc7 32. Bd3 Kd6 33. f4 Kd5 34. fxe5 fxe5 35. Bc2 e4 36. Kd2 e5 37. c7
1-0

[Event "Open MT for 1800 - 2200"]
[Site "SchemingMind.com"]
[Date "2007.05.15"]
[Round "-"]
[White "Cruyce"]
[Black "maaac"]
[Result "1-0"]
[WhiteCountry "BEL"]
[BlackCountry "AUS"]
[WhiteElo "2163"]
[WhiteRD "75"]
[BlackElo "1811"]
[BlackRD "80"]
[GameID "105155"]

1. d4 Nf6 2. Nf3 e6 3. g3 b5 4. Bg2 Bb7 5. Bg5 Be7 6. O-O O-O 7. Nbd2 d5 8. a4 a6 9. axb5 axb5 10. Rxa8 Bxa8
11. Nb3 Nbd7 12. Qd3 Qb8 13. Ne5 Re8 14. Nxd7 Nxd7 15. Bxe7 Rxe7 16. Ra1 c6 17. e4 Re8 18. Qc3 b4 19. Qd2 Qb6 20. Ra4 Rb8
21. Qf4 Rc8 22. Qd6 Rd8 23. Rxb4 Qa6 24. Qxd7
1-0